export_success — 

Training directory for SMEs Oct 2007 - Dec 2008.

Bibliographic Details
Corporate Author: Small and Medium Industries Development Corporation [SMIDEC]
Format: Book
Published: Kuala Lumpur: SMIDEC, 2007.
Subjects:
LEADER 00583cam a2200157 7i4500
001 0000021661
005 20080924090000.0
090 0 0 |a M 607.025   |b SMA 
110 2 0 |a Small and Medium Industries Development Corporation [SMIDEC] 
245 2 0 |a Training directory for SMEs Oct 2007 - Dec 2008. 
260 0 0 |a Kuala Lumpur:   |b SMIDEC,   |c 2007. 
300 # # |a 105 p. 
650 0 0 |a Small and medium enterprise --   |x Training of --   |z Malaysia  
651 0 0 |a Malaysia  
999 |a 0000021766  |b Directories  |c Malaysia  |e Business Information Centre 
999 |a 0000021765  |b Directories  |c Malaysia  |e Business Information Centre